[Event "broadcasting 8 boards"]
[Site "Olginka"]
[Date "2022.09.25"]
[Round "1.1"]
[White "Rodin, Mihail"]
[Black "Okunev, Nikolai"]
[Result "1-0"]
[BlackElo "1935"]
[WhiteElo "2320"]
[LiveChessVersion "1.4.8"]

1. e4 {[%clk 1:30:57]} d6 {[%clk 1:30:41]} 2. d4 {[%clk 1:31:24]} Nf6
{[%clk 1:31:03]} 3. Nc3 {[%clk 1:31:51]} g6 {[%clk 1:31:25]} 4. g3
{[%clk 1:32:08]} Bg7 {[%clk 1:31:47]} 5. Bg2 {[%clk 1:32:35]} O-O
{[%clk 1:31:15]} 6. Nge2 {[%clk 1:33:02]} Nbd7 {[%clk 1:29:16]} 7. O-O
{[%clk 1:33:20]} e5 {[%clk 1:29:02]} 8. h3 {[%clk 1:33:40]} Kh8 {[%clk 1:21:55]}
9. Be3 {[%clk 1:17:11]} Ng8 {[%clk 1:13:14]} 10. Qd2 {[%clk 1:17:16]} Nb6
{[%clk 1:11:34]} 11. b3 {[%clk 1:17:29]} Bd7 {[%clk 1:09:43]} 12. Rad1
{[%clk 1:17:31]} Qc8 {[%clk 1:09:49]} 13. Kh2 {[%clk 1:17:36]} 1-0

[Event "broadcasting 8 boards"]
[Site "Olginka"]
[Date "2022.09.25"]
[Round "1.2"]
[White "Rakov, Anatoly"]
[Black "Kremenietsky, Anatoly M."]
[Result "1/2-1/2"]
[BlackElo "2241"]
[WhiteElo "1877"]
[LiveChessVersion "1.4.8"]

1. d4 {[%clk 1:30:56]} Nf6 {[%clk 1:30:24]} 2. Bf4 {[%clk 1:31:12]} d6
{[%clk 1:30:11]} 3. e3 {[%clk 1:31:11]} g6 {[%clk 1:29:42]} 4. Nf3
{[%clk 1:29:29]} Bg7 {[%clk 1:30:02]} 5. Nbd2 {[%clk 1:28:12]} O-O
{[%clk 1:30:00]} 6. Bc4 {[%clk 1:28:17]} a6 {[%clk 1:27:42]} 7. a4
{[%clk 1:27:29]} b6 {[%clk 1:27:34]} 8. Qe2 {[%clk 1:25:16]} Bb7 {[%clk 1:27:27]}
9. O-O {[%clk 1:24:09]} Nbd7 {[%clk 1:27:29]} 10. Rfd1 {[%clk 1:22:28]} e6
{[%clk 1:15:29]} 11. h3 {[%clk 1:16:43]} Qe7 {[%clk 1:15:48]} 12. Bg5
{[%clk 1:15:35]} d5 {[%clk 1:10:52]} 13. Bd3 {[%clk 1:12:50]} e5 {[%clk 1:08:49]}
14. dxe5 {[%clk 1:03:32]} Nxe5 {[%clk 1:09:10]} 15. Nxe5 Qxe5 {[%clk 1:09:30]}
16. Bf4 {[%clk 1:04:05]} Qe7 {[%clk 1:09:26]} 17. c3 {[%clk 1:00:11]} Rfe8
{[%clk 1:06:53]} 18. Bg5 {[%clk 0:53:38]} c5 {[%clk 1:04:28]} 19. Nf3
{[%clk 0:52:56]} Qe6 {[%clk 1:00:10]} 20. Bf4 {[%clk 0:45:08]} d4
{[%clk 0:38:40]} 21. cxd4 {[%clk 0:38:59]} Nd5 {[%clk 0:38:55]} 22. Be5
{[%clk 0:36:12]} Bxe5 {[%clk 0:36:20]} 23. dxe5 {[%clk 0:33:32]} Nb4
{[%clk 0:28:14]} 24. e4 {[%clk 0:28:51]} Nxd3 {[%clk 0:28:24]} 25. Rxd3
{[%clk 0:23:46]} Rad8 {[%clk 0:25:47]} 26. Rad1 {[%clk 0:17:29]} Rxd3
{[%clk 0:25:59]} 27. Qxd3 {[%clk 0:17:24]} Qc6 {[%clk 0:26:09]} 28. Qd7
{[%clk 0:10:00]} Qxd7 {[%clk 0:24:36]} 29. Rxd7 {[%clk 0:10:28]} Bxe4
{[%clk 0:24:53]} 30. Ng5 {[%clk 0:10:09]} Bc6 {[%clk 0:20:08]} 31. Rc7
{[%clk 0:07:08]} 1/2-1/2

[Event "broadcasting 8 boards"]
[Site "Olginka"]
[Date "2022.09.25"]
[Round "1.3"]
[White "Pak, Kil En"]
[Black "Birjukov, Sergey"]
[Result "1/2-1/2"]
[BlackElo "1867"]
[WhiteElo "2207"]
[LiveChessVersion "1.4.8"]

1. e4 {[%clk 1:30:57]} e6 {[%clk 1:30:50]} 2. d4 {[%clk 1:31:20]} d5
{[%clk 1:31:15]} 3. Nd2 {[%clk 1:31:43]} Nf6 {[%clk 1:31:04]} 4. e5
{[%clk 1:32:01]} Ne4 {[%clk 1:31:05]} 5. Bd3 {[%clk 1:32:07]} Nxd2
{[%clk 1:30:56]} 6. Bxd2 {[%clk 1:32:16]} c5 {[%clk 1:31:17]} 7. c3
{[%clk 1:32:37]} Qb6 {[%clk 1:30:57]} 8. Nf3 {[%clk 1:21:12]} Bd7
{[%clk 1:21:54]} 9. O-O {[%clk 1:18:46]} Bb5 {[%clk 1:19:56]} 10. dxc5
{[%clk 1:15:41]} Bxc5 {[%clk 1:20:00]} 11. Bxb5+ {[%clk 1:15:49]} Qxb5
{[%clk 1:20:16]} 12. a4 {[%clk 1:15:19]} Qd3 {[%clk 1:17:13]} 13. Re1
{[%clk 1:14:09]} a6 {[%clk 1:11:37]} 14. Qb3 {[%clk 1:11:17]} b6 {[%clk 1:10:41]}
15. Rad1 {[%clk 1:11:26]} Nd7 {[%clk 0:53:27]} 16. Bg5 {[%clk 1:01:53]} Qf5
{[%clk 0:42:31]} 17. c4 {[%clk 0:58:39]} d4 {[%clk 0:41:50]} 18. Qd3
{[%clk 0:57:22]} Qxd3 {[%clk 0:37:25]} 19. Rxd3 {[%clk 0:57:20]} h6
{[%clk 0:37:04]} 20. Bd2 {[%clk 0:54:21]} a5 {[%clk 0:33:51]} 21. Nxd4
{[%clk 0:53:13]} Bxd4 {[%clk 0:33:47]} 22. Rxd4 {[%clk 0:53:31]} Nc5
{[%clk 0:33:14]} 23. Rd6 {[%clk 0:51:21]} Rd8 {[%clk 0:30:01]} 24. Rxd8+
{[%clk 0:41:38]} Kxd8 {[%clk 0:30:28]} 25. Be3 {[%clk 0:42:00]} Kc7
{[%clk 0:25:53]} 26. Bxc5 {[%clk 0:41:08]} bxc5 {[%clk 0:26:21]} 27. Re3
{[%clk 0:41:06]} Rd8 {[%clk 0:26:24]} 28. Kf1 {[%clk 0:41:28]} Rd4
{[%clk 0:20:05]} 29. b3 {[%clk 0:41:22]} Kd7 {[%clk 0:19:59]} 30. Ke2
{[%clk 0:41:29]} Ke7 {[%clk 0:19:34]} 31. Rg3 {[%clk 0:40:27]} g5
{[%clk 0:19:05]} 32. Re3 {[%clk 0:31:47]} Rf4 {[%clk 0:13:19]} 33. f3
{[%clk 0:31:26]} Rh4 {[%clk 0:12:19]} 34. h3 {[%clk 0:31:40]} Rf4
{[%clk 0:10:51]} 35. g3 {[%clk 0:28:02]} Rf5 {[%clk 0:08:22]} 36. Re4
{[%clk 0:28:01]} f6 {[%clk 0:08:22]} 37. exf6+ {[%clk 0:27:17]} Rxf6
{[%clk 0:07:32]} 38. h4 {[%clk 0:23:54]} Rf8 {[%clk 0:05:30]} 39. hxg5 hxg5
{[%clk 0:05:58]} 40. Re5 {[%clk 0:49:55]} Kd6 {[%clk 0:35:54]} 41. Rxg5
{[%clk 0:48:21]} Rb8 {[%clk 0:36:13]} 42. Rg7 {[%clk 0:48:42]} Rxb3
{[%clk 0:36:24]} 43. g4 {[%clk 0:45:32]} Ke5 44. Rd7 {[%clk 0:34:35]} Rc3
{[%clk 0:33:45]} 45. g5 {[%clk 0:33:30]} Kf5 {[%clk 0:33:52]} 46. f4
{[%clk 0:33:33]} Rxc4 {[%clk 0:33:36]} 47. Rf7+ {[%clk 0:33:53]} Ke4
{[%clk 0:33:02]} 48. Rf6 {[%clk 0:29:13]} Rxa4 {[%clk 0:27:41]} 49. Rxe6+
{[%clk 0:29:21]} Kxf4 {[%clk 0:27:50]} 50. g6 {[%clk 0:29:16]} Kf5
{[%clk 0:24:05]} 51. Rc6 {[%clk 0:27:13]} Rg4 {[%clk 0:22:57]} 52. Rxc5+
{[%clk 0:26:43]} Ke5 1/2-1/2

[Event "broadcasting 8 boards"]
[Site "Olginka"]
[Date "2022.09.25"]
[Round "1.4"]
[White "Kaitukov, Arsen"]
[Black "Dmitriev, Igor"]
[Result "0-1"]
[BlackElo "2174"]
[WhiteElo "1809"]
[LiveChessVersion "1.4.8"]

1. e4 {[%clk 1:30:53]} e6 {[%clk 1:30:22]} 2. d4 {[%clk 1:31:07]} a6
{[%clk 1:30:14]} 3. Be3 {[%clk 1:30:05]} d5 {[%clk 1:30:30]} 4. Nd2
{[%clk 1:30:19]} Bd7 {[%clk 1:30:39]} 5. c3 {[%clk 1:29:16]} Bb5 {[%clk 1:30:11]}
6. Ne2 {[%clk 1:26:23]} Nf6 {[%clk 1:30:19]} 7. f3 {[%clk 1:24:10]} Bd3
{[%clk 1:28:05]} 8. e5 {[%clk 1:23:26]} Nfd7 {[%clk 1:28:23]} 9. b4
{[%clk 1:19:46]} a5 {[%clk 1:28:31]} 10. a3 {[%clk 1:19:39]} Nc6 {[%clk 1:25:38]}
11. Ng3 {[%clk 1:17:30]} Bxf1 {[%clk 1:25:04]} 12. Ngxf1 {[%clk 1:16:43]} Be7
{[%clk 1:18:09]} 13. Ng3 {[%clk 1:16:25]} O-O {[%clk 1:12:25]} 14. O-O
{[%clk 1:16:39]} f5 {[%clk 1:12:21]} 15. f4 {[%clk 1:17:02]} Nb6 {[%clk 1:11:00]}
16. Qe2 {[%clk 1:14:19]} a4 {[%clk 1:09:42]} 17. Rfd1 {[%clk 1:12:44]} Qd7
{[%clk 1:10:00]} 18. c4 dxc4 {[%clk 1:09:34]} 19. Nxc4 {[%clk 1:12:17]} Nd5
{[%clk 1:09:42]} 20. Rd3 {[%clk 1:11:09]} Na7 {[%clk 1:08:47]} 21. Rad1
{[%clk 1:09:33]} b6 {[%clk 1:06:46]} 22. Bc1 {[%clk 1:09:06]} Nb5
{[%clk 1:03:50]} 23. Qc2 {[%clk 1:08:46]} Rfc8 {[%clk 1:03:13]} 24. Ne2
{[%clk 1:06:44]} Qc6 {[%clk 1:02:31]} 25. R1d2 {[%clk 1:04:55]} Rd8
{[%clk 0:59:06]} 26. Ne3 {[%clk 1:01:32]} Qxc2 {[%clk 0:58:53]} 27. Rxc2
{[%clk 1:01:59]} Kf7 {[%clk 0:56:19]} 28. Nxd5 {[%clk 1:02:12]} Rxd5
{[%clk 0:56:37]} 29. Bb2 {[%clk 1:01:49]} c5 {[%clk 0:55:52]} 30. Rcd2
{[%clk 1:01:15]} cxb4 {[%clk 0:55:52]} 31. axb4 Bxb4 32. Bc3 {[%clk 1:00:08]} Be7
{[%clk 0:53:21]} 33. Ba1 {[%clk 0:59:47]} Rc8 {[%clk 0:52:42]} 34. Ra2
{[%clk 0:56:31]} Rc4 {[%clk 0:52:49]} 35. Kf2 {[%clk 0:56:21]} Ke8
{[%clk 0:50:40]} 36. Ke3 {[%clk 0:56:24]} Kd7 {[%clk 0:50:47]} 37. h3
{[%clk 0:56:36]} h5 {[%clk 0:50:23]} 38. Nc3 {[%clk 0:53:50]} Nxc3
{[%clk 0:50:34]} 39. Bxc3 {[%clk 0:53:55]} b5 {[%clk 0:50:47]} 40. Bb2
{[%clk 0:51:42]} h4 {[%clk 0:49:06]} 41. Kd2 {[%clk 1:19:48]} g5 {[%clk 1:17:04]}
42. Ke3 {[%clk 1:18:28]} Rc2 {[%clk 1:17:17]} 43. Rd2 {[%clk 1:18:49]} gxf4+
{[%clk 1:17:39]} 44. Kd3 {[%clk 1:19:16]} Rxd2+ {[%clk 1:16:20]} 45. Kxd2
{[%clk 1:19:43]} Kc6 {[%clk 1:16:27]} 46. Kd3 {[%clk 1:20:03]} Rd8
{[%clk 1:16:47]} 47. Bc1 {[%clk 1:20:27]} Bc5 {[%clk 1:16:19]} 48. Bb2
{[%clk 1:20:04]} Bb6 {[%clk 1:16:26]} 49. Bc3 {[%clk 1:18:05]} Rd7
{[%clk 1:14:03]} 50. Rc2 {[%clk 1:16:41]} Kb7 {[%clk 1:14:13]} 51. Rf2 b4 52. Ba1
b3 53. Rxf4 {[%clk 1:11:40]} a3 {[%clk 1:14:16]} 54. Kc3 b2 55. Bxb2 axb2 56.
Kxb2 Rxd4 0-1

[Event "broadcasting 8 boards"]
[Site "Olginka"]
[Date "2022.09.25"]
[Round "1.5"]
[White "Piankov, Evgenij"]
[Black "Prudnikov, Yuri"]
[Result "1-0"]
[BlackElo "1805"]
[WhiteElo "2165"]
[LiveChessVersion "1.4.8"]

1. d4 {[%clk 1:30:55]} d5 {[%clk 1:30:57]} 2. Bg5 {[%clk 1:31:14]} Nf6
{[%clk 1:30:50]} 3. Bxf6 {[%clk 1:31:32]} exf6 {[%clk 1:31:04]} 4. e3
{[%clk 1:31:52]} Bf5 {[%clk 1:31:02]} 5. Nd2 {[%clk 1:31:50]} Bb4
{[%clk 1:29:53]} 6. c3 {[%clk 1:31:23]} Bd6 {[%clk 1:30:06]} 7. Qb3
{[%clk 1:31:15]} Be6 {[%clk 1:22:16]} 8. Qxb7 {[%clk 1:31:22]} Nd7
{[%clk 1:22:43]} 9. Qb3 {[%clk 1:31:24]} O-O {[%clk 1:23:09]} 10. g3
{[%clk 1:31:27]} c5 {[%clk 1:21:19]} 11. Bg2 {[%clk 1:31:02]} Rb8
{[%clk 1:19:54]} 12. Qc2 {[%clk 1:31:18]} Qb6 {[%clk 1:20:07]} 13. b3
{[%clk 1:27:53]} cxd4 {[%clk 1:20:13]} 14. exd4 {[%clk 1:28:06]} Rfc8
{[%clk 1:19:12]} 15. Ne2 {[%clk 1:28:08]} Qa6 {[%clk 1:18:18]} 16. Nf3
{[%clk 1:24:52]} f5 {[%clk 1:15:50]} 17. O-O {[%clk 1:22:21]} Nf6
{[%clk 1:16:11]} 18. Ne1 {[%clk 1:14:35]} Ne4 {[%clk 1:15:46]} 19. Nd3
{[%clk 1:14:46]} Qa5 {[%clk 1:15:40]} 20. Nc5 Bxc5 {[%clk 1:15:09]} 21. dxc5
{[%clk 0:58:08]} Qxc5 {[%clk 1:15:14]} 22. Rac1 {[%clk 0:58:09]} Rb6
{[%clk 1:13:15]} 23. Qd3 {[%clk 0:50:36]} Qa5 {[%clk 1:10:44]} 24. Rc2
{[%clk 0:50:28]} Qc5 {[%clk 1:10:26]} 25. Nd4 {[%clk 0:47:31]} Qa5
{[%clk 1:05:33]} 26. Rfc1 {[%clk 0:46:46]} Qa6 {[%clk 1:04:53]} 27. Qe3
{[%clk 0:45:44]} h6 {[%clk 1:04:05]} 28. Bh3 {[%clk 0:42:24]} f4 {[%clk 1:03:14]}
29. gxf4 {[%clk 0:42:25]} Bxh3 {[%clk 1:02:06]} 30. Qxh3 {[%clk 0:42:53]} Rg6+
{[%clk 1:02:07]} 31. Kh1 {[%clk 0:43:00]} Rxc3 {[%clk 1:00:31]} 32. Qf1
{[%clk 0:40:52]} Rxc2 {[%clk 0:59:27]} 33. Nxc2 {[%clk 0:41:12]} Qxa2
{[%clk 0:59:18]} 34. f3 {[%clk 0:41:01]} Nf6 {[%clk 0:58:58]} 35. Qd3
{[%clk 0:38:18]} Qa5 {[%clk 0:58:25]} 36. Nd4 {[%clk 0:34:47]} Qb4
{[%clk 0:55:53]} 37. Nf5 {[%clk 0:34:39]} Qa3 {[%clk 0:51:25]} 38. Re1
{[%clk 0:31:20]} Qb4 {[%clk 0:50:38]} 39. Re2 {[%clk 0:23:48]} Qxf4
{[%clk 0:35:25]} 40. Ne7+ {[%clk 0:54:06]} Kh7 {[%clk 1:05:17]} 41. Nxg6
{[%clk 0:54:13]} fxg6 {[%clk 1:05:39]} 42. Rg2 {[%clk 0:53:42]} Qf5
{[%clk 1:04:44]} 43. Qxf5 {[%clk 0:53:49]} gxf5 {[%clk 1:04:56]} 44. Ra2
{[%clk 0:54:12]} Kg6 {[%clk 1:00:33]} 45. Rxa7 {[%clk 0:54:16]} Nh5
{[%clk 1:00:39]} 46. b4 {[%clk 0:52:08]} Kf6 {[%clk 1:00:42]} 47. b5
{[%clk 0:52:19]} Ke6 {[%clk 1:01:10]} 48. b6 {[%clk 0:52:32]} Kd6
{[%clk 1:01:39]} 49. Rc7 {[%clk 0:52:39]} g6 {[%clk 0:59:55]} 50. Rc8
{[%clk 0:52:54]} Nf6 {[%clk 0:59:50]} 51. b7 {[%clk 0:53:10]} Nd7
{[%clk 1:00:17]} 52. Rd8 {[%clk 0:53:10]} 1-0

[Event "broadcasting 8 boards"]
[Site "Olginka"]
[Date "2022.09.25"]
[Round "1.6"]
[White "Bakurov, Viacheslav"]
[Black "Bebchuk, Boris"]
[Result "0-1"]
[BlackElo "2089"]
[WhiteElo "1801"]
[LiveChessVersion "1.4.8"]

1. d4 {[%clk 1:30:58]} Nf6 {[%clk 1:30:41]} 2. Nf3 {[%clk 1:31:13]} e6
{[%clk 1:30:26]} 3. Bf4 {[%clk 1:30:54]} b6 {[%clk 1:28:36]} 4. e3
{[%clk 1:30:51]} Bb7 {[%clk 1:28:59]} 5. Nbd2 {[%clk 1:30:59]} Be7
{[%clk 1:29:11]} 6. Bd3 {[%clk 1:30:49]} d5 {[%clk 1:29:23]} 7. Ne5
{[%clk 1:31:01]} O-O {[%clk 1:27:53]} 8. h4 {[%clk 1:29:36]} Nbd7
{[%clk 1:27:55]} 9. h5 {[%clk 1:29:45]} Nxe5 {[%clk 1:28:04]} 10. dxe5
{[%clk 1:30:04]} Ne4 {[%clk 1:27:46]} 11. Nf3 {[%clk 1:27:54]} c5
{[%clk 1:25:47]} 12. c3 {[%clk 1:27:12]} f5 {[%clk 1:25:40]} 13. exf6
{[%clk 1:24:17]} gxf6 {[%clk 1:24:20]} 14. Bxe4 {[%clk 1:21:39]} dxe4
{[%clk 1:24:43]} 15. Qxd8 {[%clk 1:21:51]} Rfxd8 {[%clk 1:23:42]} 16. Nd2
{[%clk 1:22:12]} b5 {[%clk 1:20:37]} 17. O-O-O {[%clk 1:19:33]} c4
{[%clk 1:20:47]} 18. g4 {[%clk 1:17:04]} Kf7 {[%clk 1:20:25]} 19. Rdg1
{[%clk 1:17:07]} Rg8 {[%clk 1:17:22]} 20. Rg2 {[%clk 1:15:53]} e5
{[%clk 1:14:27]} 21. Bh6 {[%clk 1:12:54]} Bf8 {[%clk 1:13:00]} 22. Bxf8 Raxf8
{[%clk 1:13:15]} 23. h6 {[%clk 1:06:02]} Rg6 {[%clk 1:12:33]} 24. g5
{[%clk 0:58:25]} Rfg8 {[%clk 1:10:34]} 25. Nf1 {[%clk 0:56:14]} Rxg5
{[%clk 1:10:46]} 26. Rxg5 {[%clk 0:56:37]} Rxg5 {[%clk 1:11:15]} 27. Ng3
{[%clk 0:56:51]} Ke6 {[%clk 1:09:22]} 28. Kd2 {[%clk 0:56:10]} f5
{[%clk 1:09:25]} 29. Rh5 {[%clk 0:56:33]} Kf6 {[%clk 1:06:50]} 30. Ke1
{[%clk 0:56:09]} f4 {[%clk 1:06:33]} 31. exf4 {[%clk 0:55:47]} exf4
{[%clk 1:07:02]} 32. Rxg5 {[%clk 0:56:09]} Kxg5 {[%clk 1:07:28]} 33. Ne2
{[%clk 0:56:30]} Bc8 {[%clk 1:04:52]} 34. Kf1 {[%clk 0:55:40]} a6
{[%clk 1:04:35]} 35. Kg1 {[%clk 0:55:25]} Bg4 {[%clk 1:04:46]} 36. Nd4
{[%clk 0:55:40]} Kxh6 {[%clk 1:04:48]} 37. Nc2 {[%clk 0:55:23]} Kg5
{[%clk 1:04:59]} 38. Nb4 {[%clk 0:55:42]} Bc8 {[%clk 1:05:03]} 39. Nc2
{[%clk 0:54:27]} h5 {[%clk 1:05:19]} 40. Nd4 {[%clk 1:24:45]} h4 {[%clk 1:34:27]}
41. Kg2 {[%clk 1:24:44]} Kg4 {[%clk 1:33:47]} 42. Kh2 {[%clk 1:24:56]} Bb7
{[%clk 1:33:06]} 43. Kg2 {[%clk 1:24:08]} Bd5 {[%clk 1:32:59]} 44. a3
{[%clk 1:19:59]} e3+ {[%clk 1:30:10]} 45. f3+ {[%clk 1:19:59]} Bxf3+
{[%clk 1:30:30]} 46. Kg1 {[%clk 1:06:37]} Be4 {[%clk 1:30:42]} 47. b3
{[%clk 1:02:29]} f3 {[%clk 1:30:58]} 48. bxc4 {[%clk 1:02:43]} f2+
{[%clk 1:31:23]} 49. Kf1 {[%clk 1:03:05]} Bd3+ {[%clk 1:31:52]} 50. Ne2
{[%clk 1:03:17]} Kf3 {[%clk 1:31:59]} 0-1

[Event "broadcasting 8 boards"]
[Site "Olginka"]
[Date "2022.09.25"]
[Round "1.7"]
[White "Kurdakov, Yuri"]
[Black "Sluzhilov, Aleksandr"]
[Result "1-0"]
[BlackElo "1795"]
[WhiteElo "2085"]
[LiveChessVersion "1.4.8"]

1. c4 {[%clk 1:30:55]} Nf6 {[%clk 1:30:20]} 2. Nf3 {[%clk 1:31:17]} e6
{[%clk 1:30:40]} 3. g3 {[%clk 1:31:20]} d5 {[%clk 1:30:43]} 4. Bg2
{[%clk 1:31:40]} Nbd7 {[%clk 1:27:57]} 5. O-O {[%clk 1:30:14]} c6
{[%clk 1:26:17]} 6. d4 {[%clk 1:28:59]} Be7 {[%clk 1:18:50]} 7. Nc3
{[%clk 1:27:25]} O-O {[%clk 1:17:16]} 8. Qc2 {[%clk 1:26:45]} Re8
{[%clk 1:15:01]} 9. Bf4 {[%clk 1:22:52]} Bf8 {[%clk 1:09:02]} 10. Rfe1
{[%clk 1:14:54]} h6 {[%clk 1:07:28]} 11. Rad1 {[%clk 1:14:20]} dxc4
{[%clk 0:57:43]} 12. Nd2 {[%clk 1:08:11]} Nd5 {[%clk 0:56:33]} 13. Nxc4
{[%clk 1:08:03]} Nxf4 {[%clk 0:56:52]} 14. gxf4 {[%clk 1:08:29]} Qh4
{[%clk 0:55:53]} 15. e3 {[%clk 1:07:59]} Nf6 {[%clk 0:50:41]} 16. Ne5
{[%clk 1:05:29]} Ng4 {[%clk 0:50:28]} 17. Nf3 {[%clk 1:03:57]} Qh5
{[%clk 0:47:55]} 18. Ne4 {[%clk 0:57:26]} Nf6 {[%clk 0:46:05]} 19. Ne5
{[%clk 0:54:16]} Nxe4 {[%clk 0:45:53]} 20. Bxe4 {[%clk 0:54:36]} Rd8
{[%clk 0:39:49]} 21. Kh1 {[%clk 0:51:01]} Bd6 {[%clk 0:38:41]} 22. Bf3
{[%clk 0:48:22]} Qf5 {[%clk 0:37:24]} 23. Qe2 {[%clk 0:46:49]} Qf6
{[%clk 0:33:15]} 24. Rg1 {[%clk 0:46:57]} Bxe5 {[%clk 0:32:48]} 25. fxe5
{[%clk 0:44:43]} Qe7 {[%clk 0:32:23]} 26. Be4 {[%clk 0:43:40]} Rf8
{[%clk 0:26:18]} 27. Qh5 {[%clk 0:40:51]} f5 {[%clk 0:25:05]} 28. exf6
{[%clk 0:40:49]} Rxf6 {[%clk 0:24:23]} 29. f4 {[%clk 0:40:52]} Bd7
{[%clk 0:22:46]} 30. Rg3 {[%clk 0:39:53]} Kh8 {[%clk 0:17:32]} 31. Rdg1
{[%clk 0:39:27]} Rg8 {[%clk 0:17:52]} 32. a3 {[%clk 0:33:58]} Be8
{[%clk 0:17:30]} 33. Qe5 {[%clk 0:33:36]} Rff8 {[%clk 0:13:13]} 34. b4
{[%clk 0:31:32]} Qf6 {[%clk 0:13:10]} 35. Qc5 {[%clk 0:30:27]} a6
{[%clk 0:12:07]} 36. a4 {[%clk 0:29:28]} g6 {[%clk 0:09:16]} 37. a5
{[%clk 0:26:25]} Rg7 {[%clk 0:09:20]} 38. Rh3 {[%clk 0:25:18]} h5
{[%clk 0:04:36]} 39. Rhg3 {[%clk 0:24:31]} Rfg8 {[%clk 0:04:18]} 40. Rg5
{[%clk 0:53:41]} Rh7 {[%clk 0:32:12]} 41. Qc2 {[%clk 0:50:02]} Rhg7
{[%clk 0:32:22]} 42. Bd3 {[%clk 0:49:29]} Bf7 {[%clk 0:31:20]} 43. R1g3
{[%clk 0:48:44]} Rh7 {[%clk 0:30:25]} 44. Rf3 {[%clk 0:47:53]} Rh6
{[%clk 0:29:30]} 45. Rf1 {[%clk 0:48:07]} Kg7 {[%clk 0:26:52]} 46. Rfg1
{[%clk 0:44:49]} Re8 {[%clk 0:26:26]} 47. Re5 {[%clk 0:44:54]} Rg8
{[%clk 0:24:01]} 48. Rgg5 {[%clk 0:45:26]} Kh8 {[%clk 0:21:26]} 49. Qb2
{[%clk 0:44:58]} Re8 {[%clk 0:21:59]} 50. Bc4 {[%clk 0:45:20]} Kg7
{[%clk 0:22:18]} 51. Qb3 {[%clk 0:43:52]} Rhh8 {[%clk 0:22:12]} 52. Re4
{[%clk 0:42:23]} Qe7 {[%clk 0:21:53]} 53. Qb2 {[%clk 0:42:26]} Qf6
{[%clk 0:22:22]} 54. Qd2 {[%clk 0:42:04]} Rh6 {[%clk 0:22:47]} 55. Rge5
{[%clk 0:42:04]} Rhh8 {[%clk 0:22:57]} 56. Qg2 {[%clk 0:41:11]} Qh4
{[%clk 0:22:40]} 57. Qf1 {[%clk 0:38:07]} Qf6 {[%clk 0:21:49]} 58. Qh3
{[%clk 0:37:18]} Qe7 {[%clk 0:20:42]} 59. Rc5 {[%clk 0:36:16]} Qf6
{[%clk 0:20:39]} 60. Qg3 {[%clk 0:36:03]} h4 {[%clk 0:18:35]} 61. Qg4
{[%clk 0:35:37]} h3 62. Ree5 {[%clk 0:35:49]} Rh4 {[%clk 0:17:12]} 63. Qg3
{[%clk 0:36:14]} Reh8 {[%clk 0:17:20]} 64. Bd3 {[%clk 0:35:46]} Kf8
{[%clk 0:17:25]} 65. Kg1 {[%clk 0:35:45]} R8h6 {[%clk 0:14:51]} 66. Rg5
{[%clk 0:35:49]} Kg7 {[%clk 0:15:09]} 67. Rg4 {[%clk 0:33:12]} Rxg4
{[%clk 0:13:44]} 68. Qxg4 {[%clk 0:33:37]} Qh4 {[%clk 0:13:41]} 69. Qxh4
{[%clk 0:33:34]} Rxh4 {[%clk 0:14:09]} 70. Kf2 {[%clk 0:33:49]} Rh8
{[%clk 0:13:47]} 71. Kg3 {[%clk 0:33:58]} Kf6 {[%clk 0:11:19]} 72. Bf1
{[%clk 0:33:38]} Rg8 {[%clk 0:05:12]} 73. Bxh3 {[%clk 0:33:47]} Rd8
{[%clk 0:05:41]} 74. Bg4 {[%clk 0:33:59]} Rg8 {[%clk 0:06:07]} 75. Kf2
{[%clk 0:34:05]} Rh8 {[%clk 0:06:14]} 76. h3 Rd8 {[%clk 0:06:29]} 77. Ke1
{[%clk 0:34:41]} Ke7 {[%clk 0:06:40]} 78. Kd2 {[%clk 0:35:03]} Kd6
{[%clk 0:06:52]} 79. Kc3 {[%clk 0:35:22]} Rf8 {[%clk 0:07:15]} 80. Re5
{[%clk 0:35:35]} Rb8 {[%clk 0:07:30]} 81. e4 {[%clk 0:35:01]} Rf8
{[%clk 0:07:59]} 82. f5 {[%clk 0:34:48]} exf5 {[%clk 0:07:44]} 83. exf5
{[%clk 0:35:13]} Rg8 {[%clk 0:06:40]} 84. f6 {[%clk 0:34:26]} Re8
{[%clk 0:03:45]} 85. Rxe8 Bxe8 86. Bc8 {[%clk 0:33:53]} g5 {[%clk 0:03:30]} 87.
Bxb7 {[%clk 0:34:04]} Ke6 {[%clk 0:03:58]} 88. Bxa6 {[%clk 0:34:24]} Kxf6
{[%clk 0:04:20]} 89. Bb7 {[%clk 0:34:05]} 1-0

[Event "broadcasting 8 boards"]
[Site "Olginka"]
[Date "2022.09.25"]
[Round "1.8"]
[White "Subbotin, Andrey"]
[Black "Chudinovskikh, Alexander M"]
[Result "0-1"]
[BlackElo "2074"]
[WhiteElo "1775"]
[LiveChessVersion "1.4.8"]

1. d4 {[%clk 1:30:58]} Nf6 {[%clk 1:30:46]} 2. Nf3 {[%clk 1:31:22]} c5
{[%clk 1:30:35]} 3. d5 {[%clk 1:31:45]} b5 {[%clk 1:30:43]} 4. c4
{[%clk 1:31:55]} bxc4 {[%clk 1:30:34]} 5. Nc3 {[%clk 1:32:19]} d6
{[%clk 1:30:50]} 6. e4 {[%clk 1:32:24]} g6 {[%clk 1:31:12]} 7. Bxc4
{[%clk 1:32:36]} Bg7 {[%clk 1:31:34]} 8. h3 {[%clk 1:32:38]} O-O {[%clk 1:31:56]}
9. O-O {[%clk 1:33:04]} Nbd7 {[%clk 1:32:02]} 10. Re1 {[%clk 1:31:11]} Nb6
{[%clk 1:32:12]} 11. Bf1 {[%clk 1:31:33]} Rb8 {[%clk 1:29:59]} 12. Bf4
{[%clk 1:30:53]} Nh5 {[%clk 1:29:43]} 13. Bh2 {[%clk 1:31:08]} Nd7
{[%clk 1:29:23]} 14. Qc2 {[%clk 1:29:45]} Rb4 {[%clk 1:29:15]} 15. g4
{[%clk 1:22:54]} Nhf6 {[%clk 1:29:16]} 16. Rad1 {[%clk 1:23:02]} h5
{[%clk 1:28:55]} 17. g5 {[%clk 1:22:24]} Nh7 {[%clk 1:29:13]} 18. h4
{[%clk 1:22:08]} Ne5 {[%clk 1:27:15]} 19. Nxe5 {[%clk 1:21:50]} dxe5
{[%clk 1:27:14]} 20. b3 {[%clk 1:13:19]} Bg4 {[%clk 1:27:07]} 21. Rd2
{[%clk 0:51:18]} f6 {[%clk 1:26:34]} 22. gxf6 {[%clk 0:51:32]} Bxf6
{[%clk 1:26:06]} 23. Nb5 {[%clk 0:47:49]} Bxh4 {[%clk 1:23:50]} 24. a3
{[%clk 0:42:53]} Ng5 {[%clk 1:21:16]} 25. Re3 {[%clk 0:38:13]} Rxb5
{[%clk 1:18:46]} 26. Bxb5 {[%clk 0:38:32]} Nf3+ {[%clk 1:18:37]} 27. Rxf3
{[%clk 0:37:04]} Bxf3 {[%clk 1:18:40]} 28. Bxe5 {[%clk 0:16:07]} Qc8
{[%clk 1:13:36]} 29. Bf1 {[%clk 0:12:56]} Qg4+ {[%clk 1:13:37]} 30. Kh2
{[%clk 0:12:29]} Bxe4 {[%clk 1:13:09]} 31. Bh3 {[%clk 0:12:30]} Qf3
{[%clk 1:13:24]} 32. Qd1 {[%clk 0:11:01]} Qxd1 {[%clk 1:12:13]} 33. Rxd1
{[%clk 0:11:27]} Rxf2+ {[%clk 1:12:05]} 34. Kg1 {[%clk 0:11:52]} Bc2
{[%clk 1:10:02]} 35. Be6+ {[%clk 0:10:53]} Kf8 {[%clk 1:07:45]} 36. Rc1
{[%clk 0:10:14]} Rd2 {[%clk 0:49:03]} 37. Rf1+ {[%clk 0:06:56]} Ke8
{[%clk 0:48:56]} 38. Bg7 {[%clk 0:06:46]} Rd1 {[%clk 0:47:54]} 39. Bf7+
{[%clk 0:06:50]} Kd7 {[%clk 0:46:47]} 40. Rxd1 {[%clk 0:37:04]} Bxd1
{[%clk 1:17:16]} 41. Bxg6 {[%clk 0:37:28]} Kd6 {[%clk 1:15:07]} 42. b4
{[%clk 0:36:24]} c4 {[%clk 1:14:34]} 43. Bd4 {[%clk 0:36:02]} a6 {[%clk 1:14:36]}
44. Be4 {[%clk 0:31:03]} Bf6 {[%clk 1:14:40]} 45. Bxf6 {[%clk 0:30:30]} exf6
{[%clk 1:15:05]} 46. Kf2 {[%clk 0:30:56]} Ke5 {[%clk 1:11:23]} 47. Ke3
{[%clk 0:31:24]} h4 {[%clk 1:11:37]} 48. d6 Kxd6 {[%clk 1:09:31]} 49. Bb7
{[%clk 0:24:07]} h3 {[%clk 1:07:22]} 50. Bxa6 {[%clk 0:24:33]} h2
{[%clk 1:07:37]} 51. Bb7 {[%clk 0:24:54]} Ba4 {[%clk 1:07:59]} 52. Kd4 Ke5+ 0-1